01726nam a2200157 a 4500008004100000020001500041041000800056100002300064245003600087250004600123260004300169300002000212500008300232505123800315655001501553180523s2005 ag |||| |||| 000 f spa d a9506440743 aspa1 aHawks Twelve, John 3aEl viajero /cJohn Twelve Hawks a1a ed.bTraducción Fernando Garí Puig aBuenos Aires:bPlaza & Janés;c2005. a464 p.c23x16cm aHawks Twelve, J. (2005). El viajero. (1a ed.). Buenos Aires : Plaza & Janés. aCon veintiséis años, Maya ha decidido renunciar a las peligrosas obligaciones que desde pequeña le ha impuesto su padre. Quiere llevar una "vida normal". Pero Mata pertenece a la casta de los arlequines, los guerreros que arriesgan sus vidas para proteger a los elegidos. Los hermanos Gabriel y Michael Corrigan viven en Los Ángeles. Su padre fue viajero y les educó en sus convicciones y responsabilidades. Estos viajeros han marcado nuestra historia durante siglos. Los hermanos pueden haber heredado los dones de su progenitor y, como él, siempre han vivido fuera de la red, el sistema global de control de la sociedad. El padre de Maya, poco antes de morir, le pide que proteja a los hermanos Corrigan, a quienes buscan los tabulas, los brutales sicarios de la red. Para ellos, los viajeros son peligrosísimos visionarios. Muy a su pesar, Maya acepta su misión solitaria; se acerca una gran batalla, en la que no solo defiende a los hermanos viajeros, sino también la libertad y la intimidad de todos los seres humanos... El viajero es un libro único, que explora un mundo paralelo. El viajero es una aventura trepidante que nos acerca a un futuro no muy lejano. El viajero es una novela que obliga a pensar.  aLiteratura